| 000 | 00421nam a2200169Ia 4500 | ||
|---|---|---|---|
| 008 | 230524s9999 xx 000 0 und d | ||
| 082 | _bACH | ||
| 100 | _aM.Acharya | ||
| 245 | 0 | _aEngineering Mathamatics with Calculus | |
| 250 | _a3 | ||
| 260 |
_aBBSR _bAlok Publications _c2005 |
||
| 300 | _a468p; | ||
| 500 | _aQuantity Number: 1 | ||
| 650 |
_aMathamatics _942096 |
||
| 700 |
_a T.Psatapath _942097 |
||
| 942 | _cBK | ||
| 999 |
_c56503 _d56503 |
||